Investície na podporu zamestnávania

V novembri 2005 Ministerstvo práce, sociálnych vecí a rodiny SR predstavilo pilotný projekt podpory zamestnávania znevýhodnených skupín prostredníctvom paušálneho príspevku. Nová výzva v dvoch oblastiach. 1. Podpora vytvárania pracovných miest pre mikro a malých zamestnávateľov, samosprávy, mimovlád...

Ausführliche Beschreibung

Gespeichert in:
Bibliographische Detailangaben
Format: Buchkapitel
Sprache:Slowakisch
Schlagworte:
Tags: Tag hinzufügen
Keine Tags, Fügen Sie das erste Tag hinzu!

MARC

LEADER 00000naa$a2200000$$$4500
001 0039791
005 20231016085006.3
041 0 |a slo 
044 |a SK 
245 1 0 |a Investície na podporu zamestnávania 
520 |a V novembri 2005 Ministerstvo práce, sociálnych vecí a rodiny SR predstavilo pilotný projekt podpory zamestnávania znevýhodnených skupín prostredníctvom paušálneho príspevku. Nová výzva v dvoch oblastiach. 1. Podpora vytvárania pracovných miest pre mikro a malých zamestnávateľov, samosprávy, mimovládny a neziskový sektor, 2. Podpora vytvárania pracovných miest v chránených dielňach a pracoviskách. Práce v lese bez tvorby zisku. Projekt Pracovísk prvého kontaktu (tzv. Front Office). 
610 2 0 |a miesta pracovné 
610 2 0 |a podpory 
610 2 0 |a investície 
610 2 0 |a projekty 
610 2 0 |a príspevky sociálne 
610 2 0 |a samospráva 
610 2 0 |a organizácie nevládne 
610 2 0 |a organizácie neziskové 
610 2 0 |a dielne 
610 2 0 |a invalidi